[Paradigmy zmien v 21. storočí. Európa, Slovensko - súvislosti globálneho ekonomického a mierového potenciálu]

Recenzia na monografiu, ktorá sa zaoberá skúmaním globálnych súvislostí ekonomického a mierového potenciálu, s osobitným zameraním na Európu a Slovensko.

Salvato in:
Dettagli Bibliografici
Autore principale: Gonda, Vladimír
Natura: Capitolo di libro
Lingua:slovacco
Soggetti:
Tags: Aggiungi Tag
Nessun Tag, puoi essere il primo ad aggiungerne!!

MARC

LEADER 00000naa a2200000 4500
001 0180667
005 20240502073102.6
041 0 |a slo 
044 |a SK 
245 1 0 |a [Paradigmy zmien v 21. storočí. Európa, Slovensko - súvislosti globálneho ekonomického a mierového potenciálu]  |c Vladimír Gonda 
520 |a Recenzia na monografiu, ktorá sa zaoberá skúmaním globálnych súvislostí ekonomického a mierového potenciálu, s osobitným zameraním na Európu a Slovensko. 
610 2 0 |a Slovensko 
610 2 0 |a recenzie 
610 2 0 |a Európa 
610 2 0 |a globalizácia 
610 2 0 |a politika medzinárodná 
100 1 |a Gonda, Vladimír